000
00387nam a22001577a 4500
003
MPLRDC
005
20220104143223.0
008
210129b ||||| |||| 00| 0 eng d
082
_a
447.16 CTJ-2
100
_a
陈铁君校订
245
_a
汽车技艺二十讲
_c
260
_a
_b
香港万里书店
_c
1977
300
_b
平
650
_a
汽车之整备
942
_c
BK
_o
447.16 CTJ-2
999
_c
37775
_d
37765